000 00480nam a2200133Ia 4500
008 260210s9999 xx 000 0 und d
024 _a16B-210-EI, 16B-207-EI, 16B-173-EI & 16B-239-EI
082 _a004.1675 ZAH
100 _aAhmed Jayyad Zaheer, Muhammad Rawaha, Iqra Sarwar & Sidrah Ilyas Siddiqui
245 0 _aSmart helmet using raspberry PI
260 _aKarachi:
_bUITU,
_c2016
600 _aTelecommunication Engineering
650 _aBachelor of Engineering (BE)
999 _c33613
_d33613